[Event "Bunratty Masters"]
[Site "?"]
[Date "2017.02.17"]
[Round "1"]
[White "Short, Nigel"]
[Black "Nettleton, Charlie"]
[Result "1-0"]
[WhiteElo "2675"]
[BlackElo "2162"]
[PlyCount "59"]
[EventDate "2017.??.??"]

1. c4 e5 2. e3 Nf6 3. Nc3 Nc6 4. a3 g6 5. d4 Bg7 6. d5 Ne7 7. d6 cxd6 8. e4 d5
9. cxd5 O-O 10. Be2 d6 11. Nf3 Bd7 12. Nd2 Rc8 13. O-O Ne8 14. Qb3 Rc7 15. a4
Bh6 16. Nc4 Bxc1 17. Rfxc1 Nc8 18. a5 Qg5 19. Qd1 f5 20. Qd2 Qh4 21. g3 Qf6 22.
exf5 Bxf5 23. Ne3 Rcf7 24. Ng4 Bxg4 25. Bxg4 Nc7 26. Ne4 Qe7 27. Rc2 a6 28.
Rac1 Qd8 29. Be6 Nxe6 30. dxe6 1-0

[Event "Bunratty Masters"]
[Site "?"]
[Date "2017.02.17"]
[Round "1"]
[White "Schockenbaeumer, Dirk"]
[Black "Speelman, Jonathan"]
[Result "0-1"]
[WhiteElo "2155"]
[BlackElo "2522"]
[PlyCount "50"]
[EventDate "2017.??.??"]

1. e4 g6 2. d4 Bg7 3. Nc3 d6 4. Be3 a6 5. Qd2 Nd7 6. f3 b5 7. h4 h5 8. Nh3 Ngf6
9. Nf4 c6 10. O-O-O Qc7 11. Kb1 Bb7 12. Qf2 Rc8 13. g3 e5 14. Nfe2 exd4 15.
Nxd4 b4 16. Nce2 c5 17. Nb3 O-O 18. Nf4 Ne5 19. Be2 a5 20. Nd2 c4 21. Bb6 Qc6
22. Nd5 Nxd5 23. exd5 Qa4 24. f4 Nd3 25. cxd3 b3 0-1

[Event "Bunratty Masters"]
[Site "?"]
[Date "2017.02.17"]
[Round "1"]
[White "Hebden, Mark"]
[Black "Li, Henry"]
[Result "1-0"]
[WhiteElo "2486"]
[BlackElo "2150"]
[PlyCount "73"]
[EventDate "2017.??.??"]

1. d4 Nf6 2. Bf4 g6 3. Nc3 d5 4. Qd2 Bg7 5. Bh6 O-O 6. Bxg7 Kxg7 7. f3 h5 8. e3
c6 9. Nge2 Nbd7 10. h3 b5 11. g4 h4 12. Bg2 Nb6 13. b3 b4 14. Nd1 Qd6 15. Nf2
e5 16. Nd3 exd4 17. exd4 Re8 18. O-O a5 19. Rae1 Ba6 20. Qg5 Bxd3 21. cxd3 a4
22. Qxh4 axb3 23. axb3 Ra3 24. f4 Rxb3 25. f5 Rb2 26. fxg6 fxg6 27. Nf4 Rxe1
28. Qxe1 Nbd7 29. g5 Nh5 30. Nxh5+ gxh5 31. Qe8 Ne5 32. dxe5 Qc5+ 33. Kh1 Rf2
34. Qd7+ Kg8 35. g6 Rxf1+ 36. Bxf1 Qf2 37. Qh7+ 1-0

[Event "Bunratty Masters"]
[Site "Bunratty Co. Clare, Ireland"]
[Date "2017.02.17"]
[Round "1"]
[White "Gayson, Peter"]
[Black "Baburin, Alexander"]
[Result "0-1"]
[WhiteElo "2148"]
[BlackElo "2481"]
[PlyCount "56"]
[EventDate "2017.??.??"]

1. e4 Nf6 2. e5 Nd5 3. d4 d6 4. c4 Nb6 5. f4 Bf5 6. Nc3 e6 7. Nf3 dxe5 8. fxe5
Bb4 9. Be2 c5 10. Be3 Nc6 11. O-O O-O 12. Nb5 cxd4 13. Nbxd4 Nxd4 14. Nxd4 Bg6
15. Nb5 Nd7 16. Qb3 Qe7 17. Kh1 Nxe5 18. Bxa7 Bc5 19. Bxc5 Qxc5 20. Rac1 Rfd8
21. Qc3 Nd3 22. Bxd3 Rxd3 23. Qc2 Rxa2 24. Ra1 Rxa1 25. Rxa1 h5 26. Qa4 Be4 27.
Qa8+ Kh7 28. Qb8 Bxg2+ 0-1

[Event "Bunratty Masters"]
[Site "Bunratty Co. Clare, Ireland"]
[Date "2017.02.17"]
[Round "1"]
[White "Lalic, Bodgan"]
[Black "van Empel, Fred"]
[Result "1-0"]
[WhiteElo "2449"]
[BlackElo "2140"]
[PlyCount "61"]
[EventDate "2017.??.??"]

1. d4 Nf6 2. Nf3 g6 3. c4 c5 4. d5 b5 5. cxb5 a6 6. bxa6 Bxa6 7. Nc3 d6 8. e4
Bxf1 9. Kxf1 Bg7 10. g3 O-O 11. Kg2 Nbd7 12. a4 Ng4 13. Nd2 Nge5 14. Qe2 Nb8
15. f4 Ned7 16. Ra3 Na6 17. a5 e6 18. dxe6 fxe6 19. Nc4 Nb4 20. Nxd6 Nc6 21.
Ncb5 Qe7 22. e5 Rxa5 23. Rxa5 Nxa5 24. Bd2 Nb3 25. Bc3 Nb6 26. Re1 g5 27. fxg5
Qxg5 28. Ne4 Qg6 29. Nf6+ Kh8 30. Nc7 Qf7 31. Qh5 1-0

[Event "Bunratty Masters"]
[Site "Bunratty Co. Clare, Ireland"]
[Date "2017.02.17"]
[Round "1"]
[White "O'Connor, Jonathan"]
[Black "Wells, Peter"]
[Result "0-1"]
[WhiteElo "2126"]
[BlackElo "2428"]
[PlyCount "44"]
[EventDate "2017.??.??"]

1. d4 Nf6 2. Nf3 d5 3. c4 e6 4. Nc3 c6 5. Bg5 h6 6. Bh4 dxc4 7. e4 b5 8. e5 g5
9. Nxg5 hxg5 10. Bxg5 Nbd7 11. g3 Qa5 12. exf6 b4 13. Ne4 Ba6 14. Qd2 O-O-O 15.
Bg2 c3 16. bxc3 Ne5 17. dxe5 Rxd2 18. Bxd2 bxc3 19. Bxc3 Bb4 20. Bxb4 Qxb4+ 21.
Nd2 Qc3 22. Rd1 Rh5 0-1

[Event "Bunratty Masters"]
[Site "Bunratty Co. Clare, Ireland"]
[Date "2017.02.17"]
[Round "1"]
[White "Moran, Stephen"]
[Black "Lopez, Alex"]
[Result "0-1"]
[WhiteElo "2119"]
[BlackElo "2417"]
[PlyCount "60"]
[EventDate "2017.??.??"]

1. d4 Nf6 2. c4 g6 3. f3 d5 4. cxd5 Nxd5 5. e4 Nb6 6. Nc3 Bg7 7. Be3 O-O 8. Qd2
Nc6 9. O-O-O Qd6 10. Nb5 Qd7 11. Kb1 Rd8 12. d5 a6 13. Nc3 Qe8 14. Qc1 Ne5 15.
Be2 Na4 16. Nxa4 Qxa4 17. Bd4 Nd3 18. Rxd3 Bxd4 19. Qxc7 Rxd5 20. exd5 Bf5 21.
Qc2 Qb4 22. Nh3 Rc8 23. Qb3 Qd2 24. g4 Bxd3+ 25. Bxd3 Qg2 26. Rd1 Qxh3 27. Be4
Be5 28. d6 Bxd6 29. Bd5 Rf8 30. Qxb7 Rb8 0-1

[Event "Bunratty Masters"]
[Site "Bunratty Co. Clare, Ireland"]
[Date "2017.02.17"]
[Round "1"]
[White "Bates, Richard"]
[Black "van der Zwet, Bart"]
[Result "1-0"]
[WhiteElo "2347"]
[BlackElo "2118"]
[PlyCount "81"]
[EventDate "2017.??.??"]

1. d4 Nf6 2. Nf3 d5 3. c4 c6 4. Nc3 Nbd7 5. cxd5 cxd5 6. Bf4 e6 7. e3 a6 8. Bd3
Be7 9. h3 O-O 10. O-O b5 11. a4 b4 12. Ne2 a5 13. Rc1 Ne8 14. Qc2 Ndf6 15. Ne5
Bd7 16. Nxd7 Qxd7 17. Qc6 Nd6 18. Qxd7 Nxd7 19. Rc6 Nc8 20. Rfc1 Ndb6 21. b3
Bd8 22. g4 Re8 23. R6c5 Be7 24. Bb5 Rf8 25. Rc6 Bd8 26. R6c5 Be7 27. Bc6 Ra7
28. Rb5 Bd8 29. Bb8 Re7 30. Rxa5 Nc4 31. Rb5 N4d6 32. Rbc5 Bc7 33. Bxc7 Rxc7
34. Bxd5 Rxc5 35. dxc5 exd5 36. cxd6 Rd8 37. Rc5 Nb6 38. a5 Nc8 39. a6 Nxd6 40.
Rxd5 Kf8 41. Nd4 1-0

[Event "Bunratty Masters"]
[Site "Bunratty Co. Clare, Ireland"]
[Date "2017.02.17"]
[Round "1"]
[White "O'Gorman, Tom"]
[Black "Pein, Malcolm"]
[Result "0-1"]
[WhiteElo "2100"]
[BlackElo "2345"]
[PlyCount "64"]
[EventDate "2017.??.??"]

1. e4 e5 2. Nf3 d6 3. d4 exd4 4. Nxd4 Nf6 5. Nc3 g6 6. g3 Bg7 7. Bg2 O-O 8. O-O
Re8 9. h3 Nc6 10. Nxc6 bxc6 11. Re1 Rb8 12. e5 dxe5 13. Bxc6 Bd7 14. Bg2 Qc8
15. Kh2 e4 16. Nxe4 Nxe4 17. Bxe4 Bxh3 18. c3 Bg4 19. Qc2 Bf3 20. Re3 Rxe4 21.
Rxf3 Qb7 22. Rb1 Rh4+ 23. Kg2 Rh2+ 24. Kxh2 Qxf3 25. Be3 Rb5 26. Qa4 Rh5+ 27.
Qh4 Rxh4+ 28. gxh4 Be5+ 29. Kg1 Qh3 30. Re1 Bh2+ 31. Kh1 Bf4+ 32. Kg1 Bxe3 0-1

[Event "Bunratty Masters"]
[Site "Bunratty Co. Clare, Ireland"]
[Date "2017.02.17"]
[Round "1"]
[White "L'Ami, Alina"]
[Black "Murray, David B"]
[Result "0-1"]
[WhiteElo "2324"]
[BlackElo "2098"]
[PlyCount "94"]
[EventDate "2017.??.??"]

1. d4 Nf6 2. c4 c5 3. d5 e6 4. Nc3 exd5 5. cxd5 d6 6. e4 g6 7. f4 Bg7 8. Bb5+
Nfd7 9. Nf3 a6 10. Bd3 b5 11. O-O O-O 12. Kh1 Re8 13. a3 Ra7 14. Be3 Rc7 15.
Qd2 Nf6 16. Rae1 Bg4 17. e5 Nh5 18. exd6 Rc8 19. Ne4 c4 20. Bb1 f5 21. Nc3 Bxf3
22. Rxf3 Qxd6 23. Rff1 Nd7 24. Rd1 Nc5 25. Bc2 Nf6 26. Bd4 Nfe4 27. Nxe4 Nxe4
28. Bxe4 Rxe4 29. Bxg7 Kxg7 30. Qb4 Rc5 31. Qd2 Rc8 32. g3 Kf7 33. Rf2 Rce8 34.
Kg2 Re3 35. Qc2 R8e7 36. Rdd2 R7e4 37. Rd1 a5 38. Rdd2 b4 39. axb4 axb4 40. Qa4
c3 41. Rd1 Re2 42. Qa7+ Re7 43. Qd4 c2 44. Rc1 b3 45. Qc4 Re1 46. Rf1 R7e2+ 47.
Kh3 Rxf1 0-1

[Event "Bunratty Masters"]
[Site "Bunratty Co. Clare, Ireland"]
[Date "2017.02.17"]
[Round "1"]
[White "Wolferink, Frans"]
[Black "Gheorghiu, Calin"]
[Result "0-1"]
[WhiteElo "2095"]
[BlackElo "2312"]
[PlyCount "65"]
[EventDate "2017.??.??"]

1. e4 c5 2. Nf3 d6 3. d4 cxd4 4. Nxd4 Nf6 5. Nc3 a6 6. g3 e5 7. Nde2 Be7 8. Bg2
Be6 9. a4 Nbd7 10. h3 h5 11. Be3 Rc8 12. Qd2 Qc7 13. O-O Qc6 14. Nd5 Nc5 15.
Bxc5 Bxd5 16. exd5 Qxc5 17. c4 O-O 18. Rac1 a5 19. b3 Nh7 20. Kh2 h4 21. g4 Bg5
22. f4 exf4 23. Nxf4 Rfe8 24. Rce1 Nf8 25. Qd1 Qb6 26. Nd3 Rxe1 27. Rxe1 Ng6
28. Qf3 Qxb3 29. c5 dxc5 30. Qf5 Rf8 31. Rf1 c4 32. Qxg5 Qxd3 33. Be4 0-1

[Event "Bunratty Masters"]
[Site "Bunratty Co. Clare, Ireland"]
[Date "2017.02.17"]
[Round "1"]
[White "Pogan, Nikolas"]
[Black "Mulligan, Scott"]
[Result "1-0"]
[WhiteElo "2283"]
[BlackElo "2065"]
[PlyCount "53"]
[EventDate "2017.??.??"]

1. c4 Nf6 2. g3 g6 3. Bg2 Bg7 4. Nc3 O-O 5. d4 d6 6. Nf3 Nc6 7. O-O a6 8. Qd3
Rb8 9. d5 Ne5 10. Nxe5 dxe5 11. e4 b5 12. Rd1 Bg4 13. f3 Bd7 14. b3 c5 15. Be3
b4 16. Ne2 Qb6 17. Nc1 Rbc8 18. Qd2 Nh5 19. Nd3 Nf4 20. gxf4 exf4 21. Bxf4 Bxa1
22. Rxa1 a5 23. Qf2 a4 24. Rb1 axb3 25. axb3 f5 26. e5 e6 27. d6 1-0

[Event "Bunratty Masters"]
[Site "Bunratty Co. Clare, Ireland"]
[Date "2017.02.17"]
[Round "1"]
[White "Doyle, Hugh"]
[Black "Short, Philip"]
[Result "0-1"]
[WhiteElo "2044"]
[BlackElo "2239"]
[PlyCount "50"]
[EventDate "2017.??.??"]

1. c4 g6 2. g3 Bg7 3. Bg2 d6 4. Nc3 f5 5. d3 c5 6. Bd2 Nc6 7. a3 a5 8. Nf3 Nf6
9. O-O O-O 10. Rb1 Bd7 11. Ne1 Nh5 12. Nc2 f4 13. b4 axb4 14. axb4 fxg3 15.
hxg3 b6 16. b5 Ne5 17. Bxa8 Qxa8 18. Ne3 Bh3 19. Ra1 Qb7 20. Qa4 Bxf1 21. Nxf1
Qd7 22. Qa7 Qf5 23. Ne4 Nxc4 24. Qxe7 Nxd2 25. Ne3 Qe5 0-1

[Event "Bunratty Masters"]
[Site "Bunratty Co. Clare, Ireland"]
[Date "2017.02.17"]
[Round "1"]
[White "Pein, Jonathan"]
[Black "Sudolski, Sylwester"]
[Result "1-0"]
[WhiteElo "2223"]
[BlackElo "2027"]
[PlyCount "47"]
[EventDate "2017.??.??"]

1. e4 c5 2. Nf3 d6 3. d4 cxd4 4. Nxd4 Nf6 5. Nc3 a6 6. Be3 e5 7. Nb3 Be6 8. f3
h5 9. Qd2 Nbd7 10. Rd1 Be7 11. Qf2 b5 12. a3 Qc7 13. Bd3 Rb8 14. O-O Nb6 15. h3
Nc4 16. Bc1 Nxa3 17. bxa3 Qxc3 18. Qa7 Qc8 19. f4 Bxb3 20. cxb3 d5 21. Be3 Ra8
22. Rc1 Rxa7 23. Rxc8+ Kd7 24. Rxh8 1-0

[Event "Bunratty Masters"]
[Site "Bunratty Co. Clare, Ireland"]
[Date "2017.02.17"]
[Round "1"]
[White "Tirziman, Rudolf"]
[Black "Houston, David"]
[Result "0-1"]
[WhiteElo "2013"]
[BlackElo "2219"]
[PlyCount "67"]
[EventDate "2017.??.??"]

1. e4 e5 2. Nf3 Nc6 3. d4 exd4 4. Nxd4 Nf6 5. Nxc6 bxc6 6. Qe2 Qe7 7. Nc3 d5 8.
exd5 Qxe2+ 9. Bxe2 Nxd5 10. O-O Bd6 11. Bf3 Be6 12. Ne4 O-O 13. Nxd6 cxd6 14.
Bd2 Rab8 15. b3 Rfd8 16. Rfd1 Rd7 17. c4 Ne7 18. Rac1 h6 19. Bc3 d5 20. cxd5
cxd5 21. Be5 Rbd8 22. Rd2 Nf5 23. Bd4 Nxd4 24. Rxd4 Kf8 25. Kf1 Ke7 26. Ke2 Kd6
27. Ra4 Rb8 28. Kd3 g5 29. h3 Rb6 30. Rc8 Ke5 31. Ra8 Rbb7 32. Kd2 Rbc7 33. Rh8
Bf5 34. h4 0-1

[Event "Bunratty Masters"]
[Site "Bunratty Co. Clare, Ireland"]
[Date "2017.02.17"]
[Round "1"]
[White "Walton, Alan"]
[Black "Schenning, Albert"]
[Result "1-0"]
[WhiteElo "2211"]
[BlackElo "2010"]
[PlyCount "117"]
[EventDate "2017.??.??"]

1. d4 Nf6 2. Bg5 e6 3. e4 h6 4. Bxf6 Qxf6 5. Nc3 Bb4 6. Qd2 Qg6 7. f3 O-O 8.
Bd3 d6 9. e5 f5 10. exf6 Qxf6 11. Nge2 Nc6 12. a3 Bxc3 13. Qxc3 Bd7 14. O-O
Rac8 15. Kh1 Ne7 16. Ng3 Nd5 17. Qd2 Qf4 18. Qf2 Qe3 19. Qxe3 Nxe3 20. Rfe1 Nf5
21. Nxf5 exf5 22. Re7 Rcd8 23. Rae1 c6 24. Kg1 Rf7 25. Bc4 d5 26. Bd3 Rxe7 27.
Rxe7 Kf8 28. Re5 g6 29. Re1 Re8 30. Rb1 Kf7 31. Kf2 Kf6 32. b4 a6 33. a4 b5 34.
axb5 axb5 35. Ra1 Re7 36. Ra6 Re6 37. h4 h5 38. Kg3 Be8 39. Kf4 Bf7 40. Ra1 Be8
41. Bf1 Bf7 42. g3 Be8 43. Bd3 Bf7 44. Rf1 Re7 45. g4 hxg4 46. fxg4 fxg4 47.
Kxg4+ Kg7 48. Kg5 Re6 49. Ra1 Re7 50. Ra6 Be8 51. Ra1 Bf7 52. Rg1 Re6 53. Rf1
Be8 54. Rf2 Bf7 55. Rg2 Be8 56. Re2 Rxe2 57. Bxe2 Bf7 58. Bg4 Be8 59. Be6 1-0

[Event "Bunratty Masters"]
[Site "Bunratty Co. Clare, Ireland"]
[Date "2017.02.17"]
[Round "1"]
[White "Speck, Stefan"]
[Black "Wallace, Paul A."]
[Result "0-1"]
[WhiteElo "1989"]
[BlackElo "2204"]
[PlyCount "130"]
[EventDate "2017.??.??"]

1. e4 e5 2. Nf3 Nc6 3. Nc3 Nf6 4. d4 exd4 5. Nxd4 Bb4 6. Nxc6 bxc6 7. Bd3 d5 8.
exd5 cxd5 9. O-O O-O 10. Bg5 c6 11. Qf3 Be7 12. Rfe1 Re8 13. Ne2 h6 14. Bf4 c5
15. Bb5 Bd7 16. Bxd7 Qxd7 17. Ng3 Qg4 18. Qxg4 Nxg4 19. f3 Nf6 20. Nf5 Bf8 21.
Kf2 Re6 22. Re2 Rb6 23. b3 a5 24. Rae1 a4 25. Bc7 Rc6 26. Be5 axb3 27. axb3 Ra2
28. Ra1 Rxa1 29. Bxa1 d4 30. Bb2 g6 31. Ne7+ Bxe7 32. Rxe7 Nd5 33. Ra7 Nb4 34.
Ke2 Nxc2 35. Kd3 Ne3 36. b4 Rb6 37. bxc5 Rxb2 38. c6 Rc2 39. c7 Kg7 40. Kxd4
Nxg2 41. Ra2 Rxc7 42. Rxg2 Re7 43. Kd3 Kf6 44. Rg4 Kf5 45. Kd2 h5 46. Rh4 Kg5
47. Rc4 h4 48. Rg4+ Kh5 49. Rf4 f5 50. Rc4 Ra7 51. Rc2 Re7 52. Rc4 Re5 53. Rb4
g5 54. Ra4 g4 55. fxg4+ fxg4 56. Ra8 g3 57. Rh8+ Kg4 58. Rg8+ Kh3 59. hxg3 hxg3
60. Rh8+ Kg2 61. Rh7 Kg1 62. Rc7 g2 63. Rh7 Kf2 64. Rf7+ Kg3 65. Rg7+ Kf3 0-1

[Event "Bunratty Masters"]
[Site "Bunratty Co. Clare, Ireland"]
[Date "2017.02.17"]
[Round "1"]
[White "Delaney, Killian"]
[Black "Cafolla, Peter"]
[Result "1/2-1/2"]
[WhiteElo "2203"]
[BlackElo "1976"]
[PlyCount "38"]
[EventDate "2017.??.??"]

1. e4 c5 2. c3 d5 3. exd5 Qxd5 4. d4 cxd4 5. cxd4 Nc6 6. Nf3 e5 7. Nc3 Bb4 8.
Be2 e4 9. O-O Bxc3 10. bxc3 exf3 11. Bxf3 Qa5 12. Re1+ Nge7 13. d5 O-O 14. dxc6
Nxc6 15. Qb3 Nd4 16. Qa3 Nxf3+ 17. gxf3 Qxa3 18. Bxa3 Rd8 19. Be7 Re8 1/2-1/2

[Event "Bunratty Masters"]
[Site "Bunratty Co. Clare, Ireland"]
[Date "2017.02.17"]
[Round "1"]
[White "Fox, Anthony"]
[Black "Gelip, Ioana"]
[Result "0-1"]
[WhiteElo "1969"]
[BlackElo "2202"]
[PlyCount "106"]
[EventDate "2017.??.??"]

1. e4 e6 2. d4 d5 3. exd5 exd5 4. Nf3 Bg4 5. Bd3 Bd6 6. O-O Nc6 7. Re1+ Nge7 8.
c3 Qd7 9. Nbd2 O-O-O 10. b4 Ng6 11. Qa4 Kb8 12. b5 Nce7 13. Ne5 Nxe5 14. dxe5
Bc5 15. Nb3 Bb6 16. Be3 Bxe3 17. Rxe3 Bf5 18. Nd4 Bxd3 19. Rxd3 Nc8 20. Re1 Nb6
21. Qb4 Rhe8 22. a4 Qe7 23. Qb3 Nc4 24. f4 Ka8 25. Nf5 Qc5+ 26. Nd4 h6 27. Qb4
Qxb4 28. cxb4 Nb2 29. Ra3 g5 30. fxg5 hxg5 31. a5 Nc4 32. Rg3 Nxe5 33. Rxg5 Nd3
34. Rxe8 Rxe8 35. h4 Nxb4 36. h5 c5 37. bxc6 bxc6 38. h6 Rh8 39. Rg7 Rxh6 40.
Rxf7 c5 41. Nb5 a6 42. Nc3 d4 43. Na4 Rc6 44. Nb6+ Kb8 45. Nc4 d3 46. Kf2 Re6
47. Kf3 Re1 48. Rd7 Rc1 49. Nd2 c4 50. Rd4 Nc6 51. Rd5 c3 52. Nb3 Rb1 53. Nc5
d2 0-1

[Event "Bunratty Masters"]
[Site "Bunratty Co. Clare, Ireland"]
[Date "2017.02.17"]
[Round "1"]
[White "Rawlinson, Aidan"]
[Black "Harding, Tim"]
[Result "1-0"]
[WhiteElo "2199"]
[BlackElo "1959"]
[PlyCount "73"]
[EventDate "2017.??.??"]

1. d4 d5 2. c4 c6 3. Nf3 Nf6 4. e3 e6 5. b3 Bb4+ 6. Nbd2 O-O 7. Bd3 Nbd7 8. O-O
e5 9. cxd5 cxd5 10. Nxe5 Nxe5 11. dxe5 Bc3 12. Ba3 Bxe5 13. Bxf8 Bxa1 14. Bxg7
Be5 15. Bxf6 Qxf6 16. Qh5 Qg7 17. Bxh7+ Kf8 18. Bf5 Bxh2+ 19. Qxh2 Bxf5 20.
Qd6+ Kg8 21. Qxd5 Be6 22. Qxb7 Rd8 23. Ne4 Rd5 24. Qxa7 Qe5 25. Ng3 Ra5 26. Qd4
Qxd4 27. exd4 Rxa2 28. Rb1 Rd2 29. b4 Rxd4 30. b5 Rd8 31. Ne4 Bf5 32. f3 Rb8
33. Kf2 Kf8 34. Ke3 Ke7 35. Kd4 Rd8+ 36. Ke5 f6+ 37. Kxf5 1-0

[Event "Bunratty Masters"]
[Site "Bunratty Co. Clare, Ireland"]
[Date "2017.02.17"]
[Round "1"]
[White "Byrne, Alex"]
[Black "Yin, Stanley"]
[Result "0-1"]
[WhiteElo "1942"]
[BlackElo "2198"]
[PlyCount "98"]
[EventDate "2017.??.??"]

1. e4 d5 2. exd5 Nf6 3. Nf3 Bg4 4. Be2 Nxd5 5. d4 e6 6. O-O Be7 7. c4 Nb6 8.
Nc3 O-O 9. b3 Nc6 10. Be3 Bb4 11. Qd2 e5 12. d5 e4 13. Nd4 Ne5 14. a3 Bxc3 15.
Qxc3 Qh4 16. Bf4 Rae8 17. Bg3 Qh5 18. Bxg4 Nxg4 19. h3 Ne5 20. Ne2 Nbd7 21. Nf4
Qh6 22. Rfe1 g5 23. Ne2 f5 24. Bxe5 Nxe5 25. Nd4 g4 26. Ne6 Qf6 27. Qe3 gxh3
28. Qg5+ Qxg5 29. Nxg5 hxg2 30. Kxg2 Rf6 31. Ne6 Rg6+ 32. Kh1 Rh6+ 33. Kg2 Kf7
34. Kf1 Nf3 35. Red1 c6 36. Ke2 cxd5 37. cxd5 Re7 38. Rh1 Rxh1 39. Rxh1 Kf6 40.
Ke3 Ke5 41. Nf4 Rc7 42. Ne2 f4+ 43. Nxf4 Rc3+ 44. Ke2 Kxf4 45. Rxh7 Rxb3 46. d6
Nd4+ 47. Ke1 Ne6 48. Rh4+ Kf5 49. Rh7 Rxa3 0-1

[Event "Bunratty Masters"]
[Site "Bunratty Co. Clare, Ireland"]
[Date "2017.02.17"]
[Round "1"]
[White "Prilleltensky, Matan"]
[Black "Melaugh, Gavin"]
[Result "1-0"]
[WhiteElo "2195"]
[BlackElo "1936"]
[PlyCount "85"]
[EventDate "2017.??.??"]

1. d4 e6 2. c4 Nf6 3. Nc3 Bb4 4. f3 d5 5. a3 Bxc3+ 6. bxc3 O-O 7. cxd5 exd5 8.
e3 b6 9. Bd3 Re8 10. Ne2 Nc6 11. O-O Ne7 12. e4 dxe4 13. fxe4 Bb7 14. Ng3 Nd7
15. Bc4 Rf8 16. Qh5 Ng6 17. Bg5 Qe8 18. Rae1 Kh8 19. Bd3 f6 20. Bc1 c5 21. Nf5
Ne7 22. Qxe8 Raxe8 23. Nd6 Rb8 24. Nxb7 Rxb7 25. Ba6 Rbb8 26. Bf4 Ra8 27. Bd6
Rfe8 28. Bb7 Rad8 29. Bc7 cxd4 30. cxd4 Nf8 31. Bxd8 Rxd8 32. e5 Rxd4 33. exf6
Neg6 34. f7 Rd7 35. Bc6 Rc7 36. Be4 Ne5 37. Bb1 Ned7 38. Ba2 g6 39. Re7 Rc8 40.
Be6 Nxe6 41. Re8+ Kg7 42. Rxc8 Nf6 43. Rxf6 1-0

[Event "Bunratty Masters"]
[Site "Bunratty Co. Clare, Ireland"]
[Date "2017.02.17"]
[Round "1"]
[White "Keogh, Eamon"]
[Black "Wall, Tim P"]
[Result "0-1"]
[WhiteElo "1902"]
[BlackElo "2193"]
[PlyCount "68"]
[EventDate "2017.??.??"]

1. d3 d5 2. Nf3 Nf6 3. g3 Bf5 4. Bg2 e6 5. Nh4 Bg4 6. c4 c6 7. Qb3 Qb6 8. Qxb6
axb6 9. h3 Bh5 10. g4 Bg6 11. Nxg6 hxg6 12. g5 Nfd7 13. cxd5 exd5 14. O-O Nc5
15. Nd2 Be7 16. f4 Nba6 17. b3 Nb4 18. Bb2 Nc2 19. Bxg7 Rg8 20. Bc3 d4 21. Bb2
Nxa1 22. Rxa1 Ne6 23. Nc4 Nxf4 24. h4 b5 25. Ne5 Ba3 26. Bxa3 Rxa3 27. Bf3 Ke7
28. e3 dxe3 29. Re1 Rd8 30. Rxe3 Kf8 31. Be4 Re8 32. d4 Rxa2 33. Rf3 Ne2+ 34.
Kh1 Nxd4 0-1

[Event "Bunratty Masters"]
[Site "?"]
[Date "2017.02.18"]
[Round "2"]
[White "Short, Philip"]
[Black "Short, Nigel"]
[Result "0-1"]
[WhiteElo "2239"]
[BlackElo "2675"]
[PlyCount "93"]
[EventDate "2017.??.??"]

1. Nf3 d5 2. d4 Bg4 3. Ne5 Bh5 4. c4 f6 5. Nf3 e6 6. cxd5 exd5 7. e3 c6 8. Be2
Bd6 9. O-O Nd7 10. b3 Qe7 11. a4 a5 12. Ba3 Bxa3 13. Nxa3 f5 14. Ne1 Bxe2 15.
Qxe2 Ngf6 16. Nd3 O-O 17. Nc2 g5 18. f4 Ne4 19. fxg5 Nxg5 20. Rf4 Rf6 21. Raf1
Raf8 22. Rh4 Rg6 23. Nf4 Nf3+ 24. Qxf3 Qxh4 25. Nxg6 hxg6 26. Ne1 Re8 27. Nd3
Kg7 28. Re1 Re4 29. Nf2 Re6 30. Nd3 Nf6 31. Qf4 Qxf4 32. exf4 Ne4 33. Re2 b6
34. Rc2 c5 35. dxc5 bxc5 36. Rc1 Rc6 37. Ne5 Rb6 38. Nd7 Rxb3 39. Nxc5 Rb4 40.
g3 d4 41. Nd3 Rxa4 42. Rc7+ Kf6 43. Rc6+ Ke7 44. Rxg6 Ra3 45. Ne5 d3 46. Rg7+
Ke6 47. Rg6+ 0-1

[Event "Bunratty Masters"]
[Site "?"]
[Date "2017.02.18"]
[Round "2"]
[White "Speelman, Jonathan"]
[Black "Pogan, Nikolas"]
[Result "1/2-1/2"]
[WhiteElo "2522"]
[BlackElo "2283"]
[PlyCount "43"]
[EventDate "2017.??.??"]

1. d4 d5 2. Nf3 c6 3. Bf4 Nf6 4. e3 Bf5 5. a3 e6 6. c4 Nbd7 7. Nc3 a6 8. h3 Be7
9. c5 O-O 10. Bd3 Bg6 11. O-O Re8 12. b4 Ne4 13. Rc1 Nxc3 14. Rxc3 Bxd3 15.
Rxd3 Bf6 16. Qa1 a5 17. Qb2 Ra7 18. b5 Nxc5 19. Rdd1 Nd7 20. bxc6 bxc6 21. Qc2
Be7 22. Rc1 1/2-1/2

[Event "Bunratty Masters"]
[Site "?"]
[Date "2017.02.18"]
[Round "2"]
[White "Houston, David"]
[Black "Hebden, Mark"]
[Result "0-1"]
[WhiteElo "2219"]
[BlackElo "2486"]
[PlyCount "48"]
[EventDate "2017.??.??"]

1. e4 e5 2. Nf3 Nc6 3. d4 exd4 4. Nxd4 Nf6 5. Nxc6 bxc6 6. Qe2 Bb4+ 7. c3 Bc5
8. Bg5 O-O 9. Nd2 Re8 10. O-O-O Be7 11. f4 d6 12. Bxf6 Bxf6 13. Qf3 Be6 14. g4
a5 15. g5 Be7 16. h4 Bxa2 17. Bd3 Qb8 18. f5 Qb6 19. Nc4 Qc5 20. Na3 Rab8 21.
Rhe1 Bf8 22. g6 fxg6 23. fxg6 h6 24. e5 Be7 0-1

[Event "Bunratty Masters"]
[Site "Bunratty Co. Clare, Ireland"]
[Date "2017.02.18"]
[Round "2"]
[White "Baburin, Alexander"]
[Black "Pein, Jonathan"]
[Result "1-0"]
[WhiteElo "2481"]
[BlackElo "2223"]
[PlyCount "73"]
[EventDate "2017.??.??"]

1. d4 Nf6 2. c4 g6 3. Nf3 Bg7 4. g3 O-O 5. Bg2 d6 6. O-O c6 7. Nc3 Qa5 8. h3
Be6 9. Nd2 d5 10. Nb3 Qd8 11. cxd5 Nxd5 12. Na4 Qc8 13. Kh2 Na6 14. Nac5 Nxc5
15. Nxc5 Nc7 16. b3 Rd8 17. Bb2 Bd5 18. e4 Be6 19. Qd2 Bxd4 20. Bxd4 Nb5 21.
Qg5 Nxd4 22. Qxe7 b6 23. Na4 Re8 24. Qh4 Qd8 25. Qf4 Rc8 26. Nc3 Qe7 27. e5 c5
28. Ne4 Red8 29. Nf6+ Kg7 30. g4 Qc7 31. Rad1 Nc6 32. Rd6 Rxd6 33. exd6 Qd8 34.
g5 Nd4 35. Qe5 Nf5 36. d7 Rb8 37. Rd1 1-0

[Event "Bunratty Masters"]
[Site "Bunratty Co. Clare, Ireland"]
[Date "2017.02.18"]
[Round "2"]
[White "Wallace, Paul A."]
[Black "Lalic, Bodgan"]
[Result "0-1"]
[WhiteElo "2204"]
[BlackElo "2449"]
[PlyCount "74"]
[EventDate "2017.??.??"]

1. e4 c5 2. Nc3 e6 3. Nf3 Nc6 4. d4 cxd4 5. Nxd4 Nf6 6. Ndb5 d6 7. Bf4 e5 8.
Bg5 a6 9. Na3 Be6 10. Nc4 Rc8 11. Nd5 Bxd5 12. exd5 Ne7 13. Bxf6 gxf6 14. Ne3
Bh6 15. c4 f5 16. Be2 Qa5+ 17. Kf1 Bxe3 18. fxe3 b5 19. cxb5 axb5 20. Qb3 Rc5
21. Kf2 O-O 22. Rhd1 b4 23. a4 Nxd5 24. Bb5 Nf6 25. Kg1 d5 26. Qd3 Ne4 27. Rf1
f4 28. exf4 Qb6 29. Kh1 Rfc8 30. Qf3 Nd2 31. Qg4+ Qg6 32. Qxg6+ hxg6 33. Rfe1
e4 34. Rad1 Rc2 35. b3 R8c5 36. Kg1 Nxb3 37. Rb1 R2c3 0-1

[Event "Bunratty Masters"]
[Site "Bunratty Co. Clare, Ireland"]
[Date "2017.02.18"]
[Round "2"]
[White "Wells, Peter"]
[Black "Walton, Alan"]
[Result "1-0"]
[WhiteElo "2428"]
[BlackElo "2211"]
[PlyCount "65"]
[EventDate "2017.??.??"]

1. d4 e6 2. e4 d5 3. Nd2 Nf6 4. e5 Nfd7 5. c3 c5 6. Bd3 Nc6 7. Ne2 cxd4 8. cxd4
Qb6 9. Nf3 f6 10. exf6 Nxf6 11. O-O Bd6 12. b3 O-O 13. Bf4 Qc7 14. Bxd6 Qxd6
15. Ng3 Qf4 16. Bb5 Ne4 17. Bxc6 bxc6 18. Qc1 Nxg3 19. hxg3 Qd6 20. Re1 Bd7 21.
Ne5 Rac8 22. Nd3 Rf6 23. Qc5 Qc7 24. Ne5 Be8 25. Rac1 h5 26. b4 Rh6 27. b5 Qa5
28. bxc6 Qxa2 29. Ra1 Qd2 30. Nf3 Qd3 31. Rxa7 Rf6 32. Qe7 Rf7 33. Qxe6 1-0